|
|
|
|
| LEADER |
00880nam a2200265 4500 |
| 001 |
DLU140166552 |
| 005 |
##20141226 |
| 040 |
# |
# |
|a DLU
|b vie
|
| 041 |
# |
# |
|a vie
|
| 044 |
# |
# |
|a vn
|
| 100 |
# |
# |
|a Nguyễn Thị Thu Thủy,
|c ThS.
|
| 245 |
# |
# |
|a Lý thuyết về tác động của xuất khẩu hàng hóa tới tăng trưởng kinh tế và vận dụng vào Việt Nam /
|c Nguyễn Thị Thu Thủy.
|
| 653 |
# |
# |
|a Doanh nghiệp xuất khẩu
|
| 653 |
# |
# |
|a Tăng trưởng kinh tế
|
| 653 |
# |
# |
|a Xuất khẩu hàng hóa
|
| 773 |
# |
# |
|t Nghiên cứu Kinh tế
|g Số 7(422), 2013, tr.20-28
|
| 920 |
# |
# |
|a Phòng Tạp chí -- Trung tâm Thông tin - Thư viện Trường Đại học Đà Lạt
|
| 994 |
# |
# |
|a DLU
|
| 900 |
# |
# |
|a True
|
| 911 |
# |
# |
|a Trần Thị Minh Hương
|
| 925 |
# |
# |
|a G
|
| 926 |
# |
# |
|a A
|
| 927 |
# |
# |
|a BB
|
| 980 |
# |
# |
|a Thư viện Trường Đại học Đà Lạt
|